Sete Categorias - Sociedade II - Statistics

Estatísticas Gerais
  • Esse quiz foi jogado 19 vezes
  • A pontuação média é 6 de 20
Estatísticas das Respostas
Questão Resposta % Correto
Criado em 2007, este é o logo de que serviço com mais de 500 milhões de utilizadores mundiais?
Dropbox
88%
Em gastronomia, que termo italiano designa um ponto de cozedura de massa ou arroz que oferece alguma resistência ao ser mordida, considerado um ponto ideal para massas? Al dente
59%
Que nome se dá ao pequeno pacote de dados enviados por um website para o navegador do usuário quando este visita um qualquer site? Cookie
53%
Que tipo de queijo é mais comummente usado na preparação de uma pizza? Mozzarella
53%
Que estado americano detém 55 posições no colégio eleitoral americano, o maior número de qualquer estado? Califórnia
47%
'Ocarina of Time', 'Majora's Mask', 'Twilight Princess', 'Skyward Sword' e 'Breath of the Wild' são alguns dos títulos que fazem parte de que franchise de videojogos? The Legend of Zelda
41%
O chefe indígena Raoni Metuktire ficou conhecido pelo seu trabalho de defesa de que habitat? Amazónia
35%
Hosni Mubarak foi o presidente, durante quase 30 anos, de que país? Egito
35%
Criada por David Jones e Mike Dailly e lançada em 1997, que franquia de jogos tem edições conhecidas como Vice City e San Andreas entre as suas edições autónomas? Grand Theft Auto
35%
Qual foi o elemento ativo que teve o seu preço mais valorizado nos mercados bolsistas internacionais durante os 2010s? Bitcoin
29%
Quem é o santo protetor dos namorados? São Valentim
29%
Que tipo de planador é composto por tubos de alumínio, que proporcionam a sua rigidez estrutural, e uma vela feita de tecidos, que funciona como superfície que sofre forças aerodinâmicas proporcionando a sustentação? Asa-delta
24%
Criado em 2005 nos EUA, como se chama o site tabloide onde nascem várias notícias e rumores na área do entretenimento (e não só)? TMZ
24%
O chá de bolhas (também conhecido por boba tea) é originário de que região? Taiwan
18%
Qual é a religião seguida por grande parte dos japoneses? Xintoísmo
18%
Este símbolo representa que unidade monetária (₽)? Rublo
12%
Quem foi o primeiro turista espacial do mundo que, em 2001, pagou 20 milhões de dólares para viajar a bordo da Soyuz até à Estação Espacial Internacional? Dennis Tito
6%
O templo de Ranakpur, no Rajastão, é um dos sítios mais sagrados de que religião? Jainismo
6%
Após o término da Expo1992 em Sevilha, as infraestruturas do parque foram renovadas para dar origem a que atual parque ícone da cidade? La Isla Magica
6%
Que famoso artista foi o criador do logótipo da Chupa Chups em 1969? Salvador Dali
6%
Nenhum quiz correspondente encontrado
Distribuição das Pontuações
Porcentagem de Pessoas com Cada Pontuação
Percentil de Números Respondidos
Sua Pontuação Histórica
Você não jogou esse quiz